Historický fond Slovenskej lesníckej a drevárskej knižnice pri Technickej univerzite vo Zvolene
Na minha lista:
| Autor principal: | |
|---|---|
| Outros Autores: | |
| Formato: | Livro |
| Idioma: | eslovaco |
| Publicado em: |
Zvolen
Vydavateľstvo TU
2000
|
| Assuntos: | |
| Tags: |
Sem tags, seja o primeiro a adicionar uma tag!
|
MARC
| LEADER | 00000nam a2200000 4500 | ||
|---|---|---|---|
| 001 | c141112 | ||
| 005 | 20221123132851.8 | ||
| 020 | |a 80-228-0942-X | ||
| 041 | 0 | |a slo | |
| 044 | |a SK | ||
| 245 | 1 | 0 | |a Historický fond Slovenskej lesníckej a drevárskej knižnice pri Technickej univerzite vo Zvolene |c Pavol Kuka - Imrich Nagy |
| 264 | 1 | |a Zvolen |b Vydavateľstvo TU |c 2000 | |
| 300 | |a 288 s. | ||
| 610 | 2 | 0 | |a knižnice |
| 610 | 2 | 0 | |a bibliografia |
| 610 | 2 | 0 | |a katalógy |
| 610 | 2 | 0 | |a lesníctvo |
| 100 | 1 | |a Kuka, Pavol | |
| 700 | 1 | |a Nagy, Imrich | |